Una experiencia regional en transferencia de tecnología: el proyecto piloto para América Latina /
Guardado en:
| 主要作者: | |
|---|---|
| 其他作者: | |
| 格式: | Texto |
| 標簽: |
添加標簽
沒有標簽, 成為第一個標記此記錄!
|
MARC
| LEADER | 00000 a a2200000 04500 | ||
|---|---|---|---|
| 001 | 10957 | ||
| 003 | |||
| 040 | |||
| 100 | |a Halty Carrere, Máximo | ||
| 245 | |a Una experiencia regional en transferencia de tecnología: |b el proyecto piloto para América Latina / |c Máximo Halty Carrere | ||
| 700 | |a Martínez Vidal, Carlos | ||
| 773 | |g número 8 -9; páginas 99-108 | ||
| 999 | |c 23131 |d 23131 | ||
